Top 50 Bestselling Video Games - Statistics

General Stats
  • This quiz has been taken 182 times
    176 since last reset
  • The average score is 10 of 50
Answer Stats
Copies Sold Game % Correct
350,000,000 Minecraft
87%
58,000,000 Super Mario Bros
73%
210,000,000 GTA V
64%
35,000,000 Tetris
61%
70,000,000 Red Dead Redemption 2
43%
82,900,000 Wii Sports
40%
75,810,000 Mario Kart 8
39%
47,520,000 Pokémon Red / Green / Blue / Yellow
38%
30,720,000 Call of Duty: Black Ops
33%
41,000,000 Call of Duty: Modern Warfare
29%
50,000,000 The Witcher 3
28%
28,600,000 Elden Ring
26%
37,380,000 Mario Kart Wii
26%
60,700,000 Terraria
26%
79,045,000 Ark: Survival Evolved
25%
50,000,000 Overwatch
23%
34,320,000 The Legend of Zelda: Breath of the Wild
23%
29,040,000 Super Mario Odyssey
22%
33,140,000 Wii Sports Resort
22%
40,000,000 Sonic the Hedgehog
21%
35,880,000 Super Smash Bros Ultimate
20%
30,120,000 Pokémon Gold / Silver / Crystal
19%
30,800,000 New Super Mario Bros
18%
40,600,000 World of Warcraft
18%
30,000,000 Cyberpunk 2077
17%
43,800,000 Wii Fit / Plus
16%
40,000,000 The Sims
15%
47,440,000 Animal Crossing: New Horizons
14%
30,710,000 Call of Duty: Modern Warfare 3
14%
30,320,000 New Super Mario Bros Wii
13%
41,000,000 Stardew Valley
13%
28,020,000 Wii Play
13%
40,000,000 The Elder Scrolls V
12%
28,300,000 Duck Hunt
10%
34,000,000 Hogwarts Legacy
9%
36,000,000 The Sims 4
9%
30,000,000 Borderlands 2
7%
31,000,000 Call of Duty: Black Ops II
7%
28,980,000 Call of Duty: Ghosts
7%
30,000,000 Diablo III
7%
43,000,000 Call of Duty: Black Ops III
6%
55,000,000 Human: Fall Flat
4%
28,100,000 Monster Hunter: World
4%
75,000,000 PUBG: Battlegrounds
4%
30,000,000 Call of Duty: Black Ops Cold War
3%
30,000,000 Call of Duty: Vanguard
3%
30,000,000 Black Myth: Wukong
2%
40,000,000 Payday 2
2%
65,000,000 The Oregon Trail
1%
28,000,000 The Walking Dead
1%
No matching quizzes found
Score Distribution
Percent of People with Each Score
Percentile by Number Answered
Your Score History
You have not taken this quiz since the last reset